000 00787nam a2200253 4500
001 45386
010 _a9789895815609
021 _b549845/25
090 _a45386
100 _a20251009d2025 c y0pory50030103ba
101 1 _apor
102 _aPT
200 1 _aTodas as formas incríveis de ler
_fLaura Baker
_gil. Sandra de la Prada
205 _a1<U+00AA> ed
210 9 _aAlfragide
_cOficina do Livro,
_d2025
215 _a[28] p.
_cil.
_d30 cm
304 _aTít. orig.: All of the wonderful ways to read
675 _a087.5
_vBN
_zpor
675 _a821.111(71)-93"20"
_vBN
_zpor
700 1 _aBaker,
_bLaura
701 1 _aPrada,
_bSandra de la
_4440
801 0 _aPT
_bBN
_gRPC
856 4 1 _uhttp://rnod.bnportugal.gov.pt/ImagesBN/winlibimg.aspx?skey=&doc=2228376&img=213899&save=true
990 _cLIVROS